Tourism in Indonesia Quiz Stats

Quiz not verified by Sporcle

Challenge
Share
Tweet
Embed
Score 0/15 Timer 03:00
0 Plays Today
Number of Tourists Country % Correct
212,851USA
96.3%
1,335,531Malaysia
96.3%
686,779China
96.3%
961,595Australia
95.5%
1,565,478Singapore
93.7%
450,687Japan
92.9%
170,046France
89.6%
212,087UK
89.2%
Number of Tourists Country % Correct
311,618South Korea
86.9%
148,146Germany
86.6%
168,187India
86.6%
149,760Thailand
86.2%
146,591Netherlands
79.5%
229,806Philippines
73.9%
216,535Taiwan
71.3%

You're not logged in!

Compare scores with friends on all Sporcle quizzes.
Sign Up with Email
OR
Log In

You Might Also Like...

Show Comments

Extras

Top Quizzes Today


Score Distribution

Your Account Isn't Verified!

In order to create a playlist on Sporcle, you need to verify the email address you used during registration. Go to your Sporcle Settings to finish the process.